000 00455nam a2200193Ia 4500
005 20250603144648.0
008 250603s9999 xx 000 0 und d
020 _a9781260453379
050 _aRC 346 .B47/
100 _aBerkowitz, Aaron
245 0 _aClinical neurology and neuroanatomy
250 _a2nd ed.
260 _aNew York
260 _bMcGraw-Hill Education
260 _c2022
300 _a368 p
650 _aNew York
942 _cBK
999 _c39580
_d39580